000 00807nam0a22002531 4500
001 rc\3046823
005 20250806202201.0
035 _a(NLR Aleph) 007186540
090 _a45231
_c45231
100 _a20111007d1942 u y0rusy50 ca
101 0 _arus
102 _aRU
105 _ay z |||||
200 1 _aПисьма товарищу
_fБор. Горбатов
210 _aТашкент
_cСоветский писатель
_d1942
215 _a38, [2] с.
_d12 см
700 1 _aГорбатов
_bБ. Л.
_f1908-1954
_gБорис Леонтьевич
_3RU\NLR\auth\7732361
_4005
801 0 _aRU
_bNLR
_gpsbo
801 1 _aRU
_bELAR
_2rusmarc
852 _aNLR
_bЛ
_j30 Г-0/18
942 _cBOOK
945 _aРоссийская национальная библиотека
980 _aNB
980 _aBV